জার্মান সাহিত্য / (Record no. 2235)
[ view plain ]
| 000 -LEADER | |
|---|---|
| fixed length control field | 00637nam a22002177a 4500 |
| 001 - CONTROL NUMBER | |
| JCCL Control Number | 2235 |
| 003 - CONTROL NUMBER IDENTIFIER | |
| JCCL marc code | BD-JhCC |
| 005 - DATE AND TIME OF LATEST TRANSACTION | |
| control field | 20171031112339.0 |
| 008 - FIXED-LENGTH DATA ELEMENTS--GENERAL INFORMATION | |
| fixed length control field | 171031s1976 bg ||||| ||a| 00| 0 en d |
| 035 ## - SYSTEM CONTROL NUMBER | |
| system control number | (BD-JhCC)2235 |
| 040 ## - CATALOGING SOURCE | |
| Original cataloging agency | BD-JhCC |
| Modifying agency | BD-JhCC |
| 041 ## - LANGUAGE CODE | |
| Language code of Book | ben |
| 082 ## - DEWEY DECIMAL CLASSIFICATION NUMBER | |
| Classification number | 830.9358 |
| Author mark and Year | AHO 1976 |
| 100 ## - MAIN ENTRY--PERSONAL NAME | |
| Personal name | আহসান, সৈয়দ আলী |
| 245 ## - TITLE STATEMENT | |
| Title | জার্মান সাহিত্য / |
| Statement of responsibility, etc | সৈয়দ আলী আহসান |
| 260 ## - PUBLICATION, DISTRIBUTION, ETC. (IMPRINT) | |
| Place of publication, distribution, etc | চট্টগ্রাম : |
| Name of publisher, distributor, etc | বই ঘর, |
| Date of publication, distribution, etc | 1976. |
| 300 ## - PHYSICAL DESCRIPTION | |
| Pagination | 564 p. : |
| Dimensions | 21 cm. |
| 650 ## - SUBJECT ADDED ENTRY--TOPICAL TERM | |
| Topical term or geographic name as entry element | German Literature |
| 942 ## - ADDED ENTRY ELEMENTS (KOHA) | |
| Source of classification or shelving scheme | Dewey Decimal Classification |
| Koha item type | Books |
| Source of classification or shelving scheme | Damaged status | Not for loan | Home library | Current library | Shelving location | Date of accession | Cost, normal purchase price | Total Checkouts | Full call number | Barcode | Date last seen | Copy number | Koha item type |
|---|---|---|---|---|---|---|---|---|---|---|---|---|---|
| Dewey Decimal Classification | JCC Rouf Library | JCC Rouf Library | General Stacks | 10/31/2017 | 25.00 | 830.9358 AHO 1976 | 3944 | 10/31/2017 | C-1 | Books | |||
| Dewey Decimal Classification | JCC Rouf Library | JCC Rouf Library | General Stacks | 10/31/2017 | 25.00 | 830.9358 AHO 1976 | 3567 | 10/31/2017 | C-2 | Books | |||
| Dewey Decimal Classification | JCC Rouf Library | JCC Rouf Library | General Stacks | 11/23/2017 | 25.00 | 830.9358 AHO 1976 | 5971 | 11/23/2017 | C-3 | Books |